000 00506nam a2200169Ia 4500
008 090711s9999 xx 000 0 und d
082 _b46167
100 _aतडवी शांतादेवी
245 _aसंधिप्रकाश
260 _c1982
300 _a349
600 _aतडवी शांतादेवी
630 _aसंधिप्रकाश
700 _aतडवी शांतादेवी
730 _aसंधिप्रकाश
942 _cBOOK
999 _c318772
_d318772